000 00293nam a2200133Ia 4500
100 _aZienkiewicz/ Morgan
942 _cBK
654 _afinite
245 _aFinite elements and approzimation
260 _bWiley
_aNew York
_c1982
082 _a515.3
_bZIE
300 _a328
546 _aENGLISH
999 _c25928
_d25928